00739nam a2200181Ia 4500008004100000020001500041041001200056082001600068100001500084245004700099260003500146300000800181650001600189942000700205999001500212952016000227952017000387221030s9999 xx 000 0 und d a8121919797 aEnglish a105.23bJai aR. K. Jain 0aFundamentals of Programmingcby R. K. Jain bS.Chand & Co.aNew Delhic2001 a232 aBE Computer cBK c3159d3159 pBE 5048g90.00l0o105.23 Jair2024-06-13 00:00:00w2022-10-30yBK003Print4071aMIETLIBbMIETLIBcBL-Second, FL-1, CUP-58, SH-2, R-2d2002-05-2110HBE pBE 5049g90.00l0o105.23 Jair2024-06-13 00:00:00w2022-10-30yBK003Print4070aMIETLIBbMIETLIBcBL-Academic Block C, FL-2, CUP-48, SH-4, R-4d2002-05-2110HBE